| 000 | 00841nam a2200193 a 4500 | ||
|---|---|---|---|
| 001 | 000041759 | ||
| 005 | 20201002035734.0 | ||
| 008 | 131016s2002 sp 000 0 spa d | ||
| 020 | _a8400080564 | ||
| 040 |
_aDO-SdBNP _bspa _cBNPHU |
||
| 100 | 1 |
_aSeijas de los Ríos-Zarzosa, Guadalupe _968609 |
|
| 245 | 1 | 4 |
_aLas masoras del libro de Deuteronomio : _bcódice M1 de la Universidad Complutense de Madrid / _cMaría Guadalupe Seijas de los Ríos-Zarzosa. |
| 260 |
_aMadrid : _bCSIC, _c2002. |
||
| 300 |
_a226 p. ; _c27 cm. |
||
| 490 | 1 |
_aTextos y Estudios "Cardenal Cisneros" de la Biblia Políglota Matritense _v61 |
|
| 500 | _aTexto en hebreo, español e inglés | ||
| 710 | 2 |
_aConsejo Superior de Investigaciones Científicas (España) _915178 |
|
| 830 | 0 |
_aTextos y Estudios "Cardenal Cisneros" de la Biblia Políglota Matritense _v61 _915280 |
|
| 999 |
_c41248 _d41248 |
||